German vocab Quiz Stats

 Plays Quiz not verified by Sporcle

Score 0/163 Timer 14:00
0 Plays Today
english german % Correct
to diesterben
70.8%
darkdunkel
68.8%
cleansauber
62.5%
animaldas Tier
60.4%
coastdie Küste
58.3%
blooddas Blut
56.3%
weapondie Waffe
56.3%
slimschlank
56.3%
damnverdammt
54.2%
popularbeliebt
54.2%
secretdas Geheimnis
52.1%
to killtöten
50%
happyfroh
50%
enemyder Feind
50%
to discoverentdecken
47.9%
portder Hafen
47.9%
signdas Zeichen
47.9%
patiencedie Geduld
47.9%
dangerousgefährlich
47.9%
to praybeten
47.9%
borderdie Grenze
47.9%
to reekriechen
45.8%
sympathydas Mitleid
45.8%
to become frightenederschrecken
45.8%
taxdie Steuer
45.8%
puzzledas Rätsel
45.8%
to spitspucken
45.8%
offerdas Angebot
45.8%
adventuredas Abenteuer
45.8%
opportunitydie Gelegenheit
43.8%
to forbidverbieten
43.8%
itsy bitsywinzig
43.8%
belldie Glocke
43.8%
twinder Zwilling
43.8%
madamedie gnädige Frau
43.8%
judgeder Richter
43.8%
necessarynötig
41.7%
substituteder Ersatz
41.7%
laughablelacherlich
41.7%
to erecterrichten
41.7%
jealousyder Neid
39.6%
circleder Kreis
39.6%
to immigrateaus wandern
39.6%
economydie Wirtschaft
39.6%
to treatbehandeln
37.5%
mother in lawdie Schwiegermutter
37.5%
storeder Laden
37.5%
caseder Fall
37.5%
sindie Sünde
37.5%
middle-classbürgerlich
37.5%
to admit, concedezu geben
37.5%
to teachbei bringen
37.5%
sick to stomachschlecht werden
35.4%
experiencederfahren
35.4%
to spareschonen
35.4%
english german % Correct
to whisperflüstern
35.4%
death penaltydie Todestrafe
35.4%
futurezukünftig
35.4%
to solvelösen
33.3%
to threatenbedrohen
33.3%
placeder Ort
33.3%
to yawngähnen
31.3%
punctualrechtzeitig
31.3%
to complain aboutbeklagen, sich
31.3%
tenderzärtlich
31.3%
spouse, husbandder Gatte
31.3%
so much the betterum so besser
31.3%
weird merkwürdig
31.3%
prosperityder Wohlstand
31.3%
revengedie Rache
31.3%
to try outprobieren
31.3%
detailedausführlich
29.2%
to dosedösen
29.2%
secretheimlich
29.2%
to bribebestechen
29.2%
to be ashamedschämen, sich
29.2%
to exaggerateübertreiben
29.2%
issuedie Angelegenheit
29.2%
verdictdas Urteil
29.2%
convenientgünstig
27.1%
backder Rücken
27.1%
to found, establishgründen
27.1%
upstandinganständig
27.1%
suspiciousmiBtrauisch
27.1%
what's at stakees geht um
27.1%
modestbescheiden
25%
to turn downab lehnen
25%
helldie Hölle
25%
auditoriumder Saal
25%
to removeentfernen
22.9%
to be locatedbefinden sich
22.9%
suggestionder Vorschlag
22.9%
decisiondie Entscheidung
22.9%
to be surprisedwundern uber, sich
20.8%
to appearerscheinen
20.8%
appropriateam Platz
20.8%
to look aroundum schauen
20.8%
to comforttrösten
20.8%
to put on billauf schreiben lassen
20.8%
to betrayverraten
20.8%
to mentionerwähnen
18.8%
consciencedas Gewissen
18.8%
chairmander Vorsitzender
18.8%
to claim/maintainbehaupten
16.7%
heathender Heide
16.7%
to administerverwalten
16.7%
to assumean nehmen
16.7%
rumordas Gerücht
14.6%
in a rowhintereinander
14.6%
trifledie Kleinigkeit
14.6%
english german % Correct
to demandfordern
14.6%
on the contraryim Gegenteil
14.6%
to say goodbyeAbschied nehmen
14.6%
currencydie Währung
14.6%
undoubtedlyzweifellos
14.6%
remorsedie Reue
14.6%
motiondie Bewegung
14.6%
to touchrühren
12.5%
to introducevor stellen sich
12.5%
to go into debtSchulden machen
12.5%
contentzufrieden
12.5%
necessitydie Notwendigkeit
12.5%
nonsenseder Unsinn
10.4%
to introduceein führen
10.4%
horriblescheuBlich
10.4%
consequencedie Folge
8.3%
successorder Nachfolger
8.3%
contributionder Beitrag
8.3%
retireedie Rentner
8.3%
to investigateuntersuchen
6.3%
conditiondie Bedingung
6.3%
attemptdie Versuchung
6.3%
to quitSchluB machen
6.3%
damageder Schaden
6.3%
to undergo changeverändern sich
6.3%
measure, stepdie MaBnahme
6.3%
improperunwürdig
4.2%
obligationdie Verpflichtung
4.2%
justicedie Gerechtigkeit
2.1%
to complainbeschweren, sich
2.1%
misunderstandingdas MiBverständnis
2.1%
carefulsorgfältig
2.1%
prankder Streich
2.1%
to employverwenden
2.1%
oddeigenartig
2.1%
urgentdringend
2.1%
to carry outdurch führen
2.1%
temporaryvorübergehend
2.1%
considerationdie Rücksicht
0%
pettykleinlich
0%
to resignzurück treten
0%
suspiciondie Ahnung
0%
to intimidate ein schüchtern
0%
to be worthwhilelohnen, sich
0%
to work onbeschäftigen mit, sich
0%
to gossipschwatzen
0%
to approvebilligen
0%
to procureauf treiben
0%
to knowBescheid wissen über
0%
impressiveeindrucksvoll
0%
incidentder Zwischenfall
0%
to misleadirre führen
0%
permissiondie Genehmigung
0%

You're not logged in!

Compare scores with friends on all Sporcle quizzes.
OR
Log In

Show Comments

Extras

Top Quizzes Today


Score Distribution

Your Account Isn't Verified!

In order to create a playlist on Sporcle, you need to verify the email address you used during registration. Go to your Sporcle Settings to finish the process.

Report this User

Report this user for behavior that violates our Community Guidelines.

Details: